000
00274nam a2200109Ia 4500
008
150531s2010 xx 000 0 und d
100
_a
SHARMA ,DEEPTI
245
_a
TO EVALUATE AND COMPARE GINGIVAL CREVICULAR FLUID
260
_c
2010
650
_a
DENTISTRY
942
_2
ddc
_c
TH
999
_c
7419
_d
7419